|
|
|
|
| LEADER |
00000nam a2200000 4500 |
| 001 |
vtls012141320 |
| 003 |
SK-MaSNL |
| 005 |
20260302025225.0 |
| 008 |
220629s2020 xo oab c 000 0 slo |
| 015 |
|
|
|a SNBE2022
|
| 020 |
|
|
|a 9788097203726
|q (brožované)
|
| 040 |
|
|
|a SNK
|b slo
|c SNK
|e rda
|
| 041 |
0 |
|
|a slo
|
| 043 |
|
|
|a e-xo---
|
| 044 |
|
|
|a xo
|c SK
|
| 072 |
|
7 |
|a 908(437)
|x Vlastiveda Česka a Slovenska
|2 konspekt
|
| 072 |
|
7 |
|a 0/9-053.2
|x Literatúra pre deti a mládež (náučná)
|2 konspekt
|
| 080 |
|
|
|a 908(437.6)
|2 2011
|
| 080 |
|
|
|a (0.053.2)
|2 2011
|
| 080 |
|
|
|a 379.844
|2 2011
|
| 080 |
|
|
|a (036)
|2 2011
|
| 100 |
1 |
|
|a Poliačková, Dana
|4 aut
|4 pht
|9 359573
|
| 245 |
1 |
0 |
|a Pátrač Tino spoznáva Dúbravku
|c text: Dana Poliačková ; ilustrácie: Karolína Uherčíková ; fotografie: Dana Poliačková
|
| 250 |
|
|
|a 4. vydanie
|
| 264 |
|
1 |
|a Bratislava
|b Pátrač Tino, občianske združenie
|c 2020
|
| 300 |
|
|
|a 15 strán
|b fotografie, ilustrácie, mapy
|c 15 x 21 cm
|
| 336 |
|
|
|a text
|b txt
|2 rdacontent
|
| 336 |
|
|
|a statický obraz
|b sti
|2 rdacontent
|
| 337 |
|
|
|a bez média
|b n
|2 rdamedia
|
| 338 |
|
|
|a zväzok
|b nc
|2 rdacarrier
|
| 500 |
|
|
|a Názov z obálky
|
| 500 |
|
|
|a Obsahuje bibliografiu
|
| 650 |
0 |
7 |
|a hry v meste
|2 SNKPH
|9 68845
|
| 650 |
0 |
7 |
|a Urban games
|2 SNKPHeng
|9 359574
|
| 651 |
|
7 |
|a Dúbravka (Bratislava IV, Slovensko)
|x vlastiveda
|2 SNKPHgeo
|9 674243
|
| 651 |
|
7 |
|a Dúbravka (Bratislava IV, Slovakia)
|x history and geography
|2 SNKPHeng
|9 674244
|
| 655 |
|
7 |
|a publikácie pre deti
|2 SNKPH
|9 70148
|
| 655 |
|
7 |
|a Publications for children
|2 SNKPHeng
|9 276792
|
| 655 |
|
7 |
|a informačné publikácie
|2 SNKPH
|9 70181
|
| 655 |
|
7 |
|a Information publications
|2 SNKPHeng
|9 265188
|
| 700 |
1 |
|
|a Uherčíková, Karolína
|4 ill
|9 359575
|
| 919 |
|
|
|a 978-80-972037-2-6
|
| 954 |
|
|
|a iná literatúra (príručky, kuchárske knihy, hobby literatúra, sprievodcovia) pôvodná (slovenská)
|2 lita
|
| 958 |
|
|
|a DB
|
| 958 |
|
|
|a NB
|
| 999 |
|
|
|c 1043413
|d 1045343
|
| 952 |
|
|
|a SNK
|b SNK
|y PREZ
|7 0
|p 17A1491982
|o snkOSE 5538
|i snk2022/10747
|8 0
|0 0
|1 0
|4 0
|d 2022-06-29
|l 0
|r 2026-02-24 14:31:08
|w 2026-02-24
|
| 952 |
|
|
|a SNK
|b SNK
|y PREZ
|7 0
|p 17A1491983
|o snkOSE 5538 D1
|i snk2022/10748
|8 0
|0 0
|1 0
|4 0
|d 2022-06-29
|l 0
|r 2026-02-24 14:31:08
|w 2026-02-24
|